Liste d'épices, herbes, aromates, condiments ou mélanges d'épices - Statistiques

Statistiques générales
  • Ce quiz a été pris 252 fois
    251 depuis la dernière actualisation
  • Le résultat moyen est 29 sur 100
Statistiques - réponses
Type de quiz Nom % Correct
Graines poivre
87%
Partie aérienne thym
80%
Inflorescence | Partie souterraine ail
78%
Mélanges d'épices curry
78%
Partie aérienne persil
75%
Fruits piment
74%
Partie souterraine oignon
72%
Partie souterraine curcuma
71%
Partie aérienne menthe
71%
Partie aérienne basilic
70%
Autre condiment sel
70%
Inflorescence | Partie aérienne ciboulette
67%
Graines cumin
66%
Fruits paprika
64%
Partie aérienne romarin
63%
Graines | Partie aérienne coriandre
62%
Partie souterraine gingembre
59%
Partie aérienne cannelle
54%
Partie aérienne laurier
53%
Graines moutarde
53%
Inflorescence safran
52%
Fruits noix de muscade
49%
Partie aérienne origan
49%
Graines | Partie aérienne aneth
48%
Graines anis
43%
Fruits vanille
43%
Fruits citron
42%
Inflorescence clou de girofle
42%
Partie aérienne estragon
42%
Partie aérienne sauge
42%
Partie souterraine échalote
39%
Graines | Partie aérienne fenouil
35%
Graines sésame
33%
Partie souterraine cardamome
29%
Fruits badiane
28%
Partie souterraine wasabi
28%
Partie aérienne cerfeuil
26%
Partie souterraine réglisse
26%
Partie aérienne verveine
26%
Graines pavot
25%
Mélanges d'épices massala
24%
Partie aérienne sarriette
24%
Partie souterraine raifort
23%
Mélanges d'épices ras el hanout
23%
Partie aérienne marjolaine
22%
Partie aérienne citronnelle
20%
Fruits baie de genièvre
18%
Fruits cardamone
18%
Partie aérienne mélisse
18%
Graines | Partie aérienne | Partie souterraine céleri
17%
Graines carvi
16%
Partie aérienne oseille
15%
Graines amande
13%
Mélanges d'épices cinq épices
13%
Mélanges d'épices colombo
13%
Graines fenugrec
13%
Graines cacao
12%
Graines fève de nez
12%
Graines fève tonka
12%
Mélanges d'épices harissa
12%
Partie aérienne serpolet
10%
Inflorescence | Partie aérienne bourrache
9%
Inflorescence câpre
9%
Mélanges d'épices chili
9%
Mélanges d'épices cinq baies
9%
Partie souterraine arachide
7%
Fruits bergamote
7%
Fruits sumac
6%
Partie souterraine ase
5%
Mélanges d'épices sel au céleri
5%
Mélanges d'épices zahtar
5%
Fruits combava
4%
Mélanges d'épices pesto
4%
Mélanges d'épices pistou
4%
Inflorescence capucine
3%
Partie aérienne livèche
3%
Partie aérienne myrte
3%
Graines nigelle
3%
Graines achiote
1%
Mélanges d'épices sambal
1%
Partie aérienne absinthe
0%
Partie aérienne ache
0%
Graines ajowan
0%
Partie aérienne balsamine
0%
Fruits cubèbe
0%
Mélanges d'épices furikake
0%
Fruits mahaleb
0%
Graines maniguette
0%
Partie aérienne mloukhiya
0%
Graines soumbala
0%
Fruits tamarinier
0%
Partie souterraine zéodaire
0%
Aucun quiz correspondant
Distribution des résultats
% des personnes avec chaque résultat
Percentile par nombre de réponses
Votre historique - résultats
Vous n’avez pas pris ce quiz depuis la dernière actualisation